| 000 | 00397nam a2200157Ia 4500 | ||
|---|---|---|---|
| 008 | 230917s9999||||xx |||||||||||||| ||und|| | ||
| 040 |
_e103189 _aMAIN |
||
| 041 | _aEnglish | ||
| 082 | _a658.5 H246S | ||
| 100 | _aHarrison, Francis | ||
| 245 | 0 | _aSupply chain management workbook | |
| 250 | _a1st ed. | ||
| 260 |
_aNew Delhi _bButterworth, Heinemann _c2002 |
||
| 300 | _a186p p. | ||
| 942 | _cBK | ||
| 999 |
_c119326 _d119326 |
||